Champions des 5 grands championnats depuis 2000 - Statistiques

Statistiques générales
  • Ce quiz a été pris 4 483 fois
  • Le résultat moyen est 23 sur 27
Statistiques - réponses
Pays Dernier sacre Club % Correct
France 07/08 Lyon
99%
Angleterre 19/20 Manchester City
99%
France 19/20 PSG
99%
Angleterre 12/13 Manchester United
98%
Allemagne 20/21 Bayern
97%
France 09/10 Marseille
97%
Angleterre 20/21 Liverpool
96%
Espagne 19/20 Real
96%
Espagne 18/19 Barcelone
95%
Angleterre 16/17 Chelsea
95%
Italie 20/21 Inter
95%
Italie 19/20 Juve
95%
France 20/21 Lille
95%
Allemagne 11/12 Dortmund
93%
France 16/17 Monaco
92%
Angleterre 03/04 Arsenal
91%
Espagne 20/21 Atletico
91%
Angleterre 15/16 Leicester
89%
Italie 10/11 AC Milan
87%
France 11/12 Montpellier
84%
France 08/09 Bordeaux
83%
France 00/01 Nantes
75%
Italie 00/01 AS Roma
73%
Espagne 03/04 Valence
68%
Allemagne 08/09 Wolfsburg
49%
Allemagne 03/04 Werder Brême
42%
Allemagne 06/07 Stuttgart
39%
Aucun quiz correspondant
Distribution des résultats
% des personnes avec chaque résultat
Percentile par nombre de réponses
Votre historique - résultats
Vous n’avez pas pris ce quiz